000 00803nam a2200253Ia 4500
003 OSt
005 20221005083707.0
006 a|||||r|||| 00| 0
007 ta
008 221004b |||||||| |||| 00| 0 eng d
020 _a9788189766696
_c695
024 _a98801
037 _b007, 02/09/2009, Independent Publishers Group
_cTextual
040 _aCRL
_cCRL
_beng
041 _2eng
_aeng
082 _aY5923.247, P9
100 _aBakhshi Suneethi
_9612750
245 0 _aKashmir
_b History and pandit women's struggle for identity
260 _aNew Delhi
_bVitasta Publishing India
_c2009
300 _axxi,362p.
_ccm.
650 _aSOCIOLOGY
942 _hY5923.247, P9
_cTEXL
_2cc
999 _c991387
_d991387